City sense : shaping our environment with real-time data : 4th Advanced Architecture Contest (Record no. 10488)
[ view plain ]
| 000 -LEADER | |
|---|---|
| fixed length control field | 00475nam a2200169Ia 4500 |
| 003 - CONTROL NUMBER IDENTIFIER | |
| control field | OSt |
| 005 - DATE AND TIME OF LATEST TRANSACTION | |
| control field | 20220407122907.0 |
| 008 - FIXED-LENGTH DATA ELEMENTS--GENERAL INFORMATION | |
| fixed length control field | 220318s9999 xx 000 0 und d |
| 020 ## - INTERNATIONAL STANDARD BOOK NUMBER | |
| International Standard Book Number | 9788415391296 |
| 082 ## - DEWEY DECIMAL CLASSIFICATION NUMBER | |
| Classification number | 711 |
| 100 ## - MAIN ENTRY--PERSONAL NAME | |
| Personal name | Advanced Architecture Contest (4t : 2012 : Barcelona, Catalunya) |
| 245 #0 - TITLE STATEMENT | |
| Title | City sense : shaping our environment with real-time data : 4th Advanced Architecture Contest |
| 260 ## - PUBLICATION, DISTRIBUTION, ETC. (IMPRINT) | |
| Place of publication, distribution, etc | Actor |
| 365 ## - TRADE PRICE | |
| Price amount | 22 |
| 365 ## - TRADE PRICE | |
| Price type code | GBP |
| 942 ## - ADDED ENTRY ELEMENTS (KOHA) | |
| Source of classification or shelving scheme | |
| Withdrawn status | Lost status | Source of classification or shelving scheme | Damaged status | Koha normalized classification for sorting | Not for loan | Permanent location | Current location | Date acquired | Source of acquisition | Cost, normal purchase price | Total Checkouts | Full call number | Barcode | Checked out | Date last seen | Date last borrowed | Cost, replacement price | Price effective from | Koha item type |
|---|---|---|---|---|---|---|---|---|---|---|---|---|---|---|---|---|---|---|---|
| 711_000000000000000 | BMS College of Architecture, Design and Planning | BMS College of Architecture, Design and Planning | 2022-05-25 | 1 | 1649.34 | 3 | 711 | AR-PG501 | 2026-05-01 | 2026-04-16 | 2026-04-16 | 2356.20 | 2022-05-25 | PG Books | |||||
| 711_000000000000000 | BMS College of Architecture, Design and Planning | BMS College of Architecture, Design and Planning | 2022-04-08 | 6 | 1925.40 | 711 | AR-PG536 | 2022-04-08 | 2750.57 | 2022-04-08 | PG Books |